| 000 | 00601nam a2200169 a 4500 | ||
|---|---|---|---|
| 001 | 000025455 | ||
| 005 | 20200930023812.0 | ||
| 008 | 110216s1981 pr a r 000 j spa d | ||
| 040 |
_aDO-SdBNP _bspa _cBNPHU |
||
| 082 |
_aNNN _bM778v |
||
| 100 | 1 |
_aMontero, Mayra _d1952- _912644 |
|
| 245 | 1 | 0 |
_aVeintitrés y una tortuga / _cMayra Montero ; ilustraciones, Juan Alvarez O'Neill ; prólogo de JoséLuis González. |
| 260 |
_aSan Juan de Puerto Rico : _bInstituto de Cultura Puertorriqueña, _c1981. |
||
| 300 |
_a103 p. : _ail. ; _a18 cm. |
||
| 700 | 1 |
_aGonzález, José Luis _epról. _95327 |
|
| 049 | _aBNGR | ||
| 999 |
_c24947 _d24947 |
||